Potencial Hídrico Para El Abastecimiento Urbano En La Cuenca De Zambrana Abajo, La Cabirma Sánchez Ramírez / (Registro nro. 24192)

Detalles MARC
000 -LEADER
fixed length control field 02787nam a22002897a 4500
003 - CONTROL NUMBER IDENTIFIER
control field DO-CoUTE
005 - DATE AND TIME OF LATEST TRANSACTION
control field 20260516135805.0
008 - FIXED-LENGTH DATA ELEMENTS--GENERAL INFORMATION
fixed length control field 260516b dr ||||| |||| 00| 0 spa d
040 ## - CATALOGING SOURCE
Original cataloging agency DO-CoUTE
Language of cataloging spa
Transcribing agency DO-CoUTE
041 ## - LANGUAGE CODE
Language code of text/sound track or separate title spa
092 ## - LOCALLY ASSIGNED DEWEY CALL NUMBER (OCLC)
Classification number GEO 2026 M69
100 1# - MAIN ENTRY--PERSONAL NAME
Personal name Moya Bautista, Julissa Dariana
Relator term Sustentante
245 ## - TITLE STATEMENT
Title Potencial Hídrico Para El Abastecimiento Urbano En La Cuenca De Zambrana Abajo, La Cabirma Sánchez Ramírez /
Statement of responsibility, etc. Julissa Dariana Moya Bautista, Giomercy Fermin De la Rosa, Marleni Marte Polanco, Framelsi García José ; Asesor, Abel de Jesús Mota
260 ## - PUBLICATION, DISTRIBUTION, ETC.
Place of publication, distribution, etc. Cotuí, República Dominicana ;
Name of publisher, distributor, etc. UTECO,
Date of publication, distribution, etc. 2026
300 ## - PHYSICAL DESCRIPTION
Extent 77 Hojas :
Other physical details Imágenes ;
Dimensions 23cm,
Accompanying material + 1 CD-ROM
502 ## - DISSERTATION NOTE
Dissertation note Trabajo de Grado (Ingeniero Geología ) Universidad Tecnológica del Cibao Oriental, 2026.<br/>
504 ## - BIBLIOGRAPHY, ETC. NOTE
Bibliography, etc. note Incluye referencia bibliográfica e índice.
520 ## - SUMMARY, ETC.
Summary, etc. La presente investigación está basada en potencial hídrico para el abastecimiento<br/>urbano en la cuenca de Zambrana Abajo, la Cabirma Sánchez Ramírez, la misma tuvo<br/>como objetivo general determinar el potencial hídrico para el abastecimiento urbano en la<br/>cuenca de Zambrana Abajo, La Cabima Sánchez Ramírez, con la finalidad de realizar<br/>propuestas que contribuyan al abastecimiento de agua en la zona objeto de estudio. Se<br/>aplicó una encuesta y se tomaron diversas muestras del agua para determinar múltiples<br/>parámetros. Cabe señalar que en el análisis de las muestras evidenció que, aunque los<br/>parámetros físico-químicos como pH, TDS, nitratos, sulfatos y hierro se mantienen en<br/>niveles adecuados, existen deficiencias en la desinfección (cloro libre bajo) y en la carga<br/>microbiológica, que representan un riesgo para el consumo humano. Esto pone en<br/>evidencia la necesidad de mejorar los sistemas de tratamiento y fortalecer la infraestructura<br/>para proteger los recursos hídricos. Se evaluó la demanda actual en el uso del agua y<br/>características demográficas lo que permitió conocer la concentración de la demanda en<br/>consumo humano y saneamiento, así como también la estabilidad de la misma en función de la estructura etaria y ocupacional de la población. Por lo que la planificación hídrica asegura que los recursos puedan satisfacer de manera sostenible las necesidades presentes y futuras en la comunidad de Zambrana
650 #4 - SUBJECT ADDED ENTRY--TOPICAL TERM
Source of heading or term Potencial Hidirco
700 1# - ADDED ENTRY--PERSONAL NAME
Personal name Julissa Dariana Moya Bautista
Relator term Sustentante
700 1# - ADDED ENTRY--PERSONAL NAME
Personal name Giomercy Fermin De la Rosa
Relator term Sustentante
700 1# - ADDED ENTRY--PERSONAL NAME
Personal name Marleni Marte Polanco
Relator term Sustentante
700 1# - ADDED ENTRY--PERSONAL NAME
Personal name Abel de Jesús Mota
Relator term Asesor
830 ## - SERIES ADDED ENTRY--UNIFORM TITLE
Uniform title Tesis y disertaciones académicas (Universidad Tecnológica del Cibao Oriental)
856 ## - ELECTRONIC LOCATION AND ACCESS
Link text Haga Click Aquí para Descargar en Texto Completo
942 ## - ADDED ENTRY ELEMENTS (KOHA)
Source of classification or shelving scheme Dewey Decimal Classification
Koha item type Tesis
Existencias
Withdrawn status Lost status Source of classification or shelving scheme Damaged status Not for loan Collection code Home library Current library Shelving location Date acquired Inventory number Total Checkouts Full call number Barcode Date last seen Copy number Price effective from Koha item type
    Dewey Decimal Classification     e-Tesis (en CD) Biblioteca UTECO Biblioteca UTECO En Estantería 05/16/2026 24192   GEO 2026 M69 24192 05/16/2026 Ej.1 05/16/2026 Tesis
© 2021 Derechos Reservados UTECO - Teléfono: +1 809-585-2291 - Correo electrónico: biblioteca@uteco.edu.do​  
Código postal 43000 ​​
Dirección: Avenida Universitaria No. 100, 
Cotuí, Provincia Sánchez Ramírez, República Dominicana - RNC: 404-00059-6